000 00668nam a2200193Ia 4500
001 23413
003 GE_BSU
008 181216s||||||||xx |||||||||||||| ||und||
040 _cGE_BSU
245 _aТеоретическая и математическая физика Том 196 №1 Февраль 2018 июль
245 _cГл.ред.А.А.Славнов
260 _aмосква
260 _c2018г
300 _a166ст;23см;
653 _aПериодика
653 _aТеоретическая и математическая физика Том 196 №1 Февраль 2018 июль
653 _aპერიოდიკა
942 _cCR
999 _c56300
_d56300